000 00718nam a22002057a 4500
999 _c13230
_d13230
003 AR-CdUCM
008 190411b ||||| |||| 00| 0 spa d
040 _aMUNICIPALIDAD PROVINCIAL DEL CUSCO
_cBIBLIOTECA MUNICIPAL DEL CUSCO
082 _a868.43 /
_bM23
100 _aMathias, Julio
_931519
245 _aUn autor en un libro moratin estudio y antología /
260 _aMadrid :
_bEspañola,
_c1964.
300 _a222 páginas ;
_c19 cm.
505 _aContenido : Nota preliminar -- Esquema biográfico -- La época -- El escritor. Su ideario y su obra -- Antología ...
650 _aAntología
_9142
650 _aMoratin
_9836
650 _aLiteratura
_983
942 _2ddc
_cLIBROS
945 _arah
_d11/04/2019